<?xml version="1.0" encoding="UTF-8"?>
<record
    xmlns:xsi="http://www.w3.org/2001/XMLSchema-instance"
    xsi:schemaLocation="http://www.loc.gov/MARC21/slim http://www.loc.gov/standards/marcxml/schema/MARC21slim.xsd"
    xmlns="http://www.loc.gov/MARC21/slim">

  <leader>01227nam a2200193ui 4500</leader>
  <controlfield tag="001">991026789787807026</controlfield>
  <controlfield tag="003">UkOxU</controlfield>
  <controlfield tag="008">240411s2024    enk|||| |    |||| ||eng d</controlfield>
  <datafield tag="020" ind1=" " ind2=" ">
    <subfield code="a">9780711292529</subfield>
  </datafield>
  <datafield tag="035" ind1=" " ind2=" ">
    <subfield code="a">(StEdALDL)1/4426392</subfield>
  </datafield>
  <datafield tag="040" ind1=" " ind2=" ">
    <subfield code="a">StEdALDL</subfield>
    <subfield code="b">eng</subfield>
    <subfield code="e">rda</subfield>
    <subfield code="c">StEdALDL</subfield>
    <subfield code="d">UkOxU</subfield>
  </datafield>
  <datafield tag="041" ind1=" " ind2=" ">
    <subfield code="a">English</subfield>
  </datafield>
  <datafield tag="245" ind1="0" ind2="0">
    <subfield code="a">Part-time baker </subfield>
    <subfield code="b">: simple bakes without the stress </subfield>
    <subfield code="c">/ Florence Stanton.</subfield>
  </datafield>
  <datafield tag="264" ind1=" " ind2="1">
    <subfield code="a">London :</subfield>
    <subfield code="b">Carnival,</subfield>
    <subfield code="c">2024.</subfield>
  </datafield>
  <datafield tag="520" ind1=" " ind2=" ">
    <subfield code="a">No time, but love to bake? Go part-time with these quick and easy recipes. Florence Stanton (@Tasting.Thyme) proves that you can find time to bake and enjoy delicious treats no matter what life throws at you.

Forget hours spent in the kitchen following complex instructions!

In Part-Time Baker, each recipe is clearly labelled with &#x2018;Hands-on time&#x2019; and &#x2018;Total time&#x2019; &#x2013; to make it crystal clear how much effort you&#x2019;ll need to put in.

Many of the bakes can be prepped in just 10 minutes and there are plenty of cheats and tips for impressive results. There&#x2019;s no need for loads of obscure baking equipment and all the recipes can be scaled up for sharing or down for enjoying solo.</subfield>
  </datafield>
  <datafield tag="650" ind1=" " ind2="0">
    <subfield code="a">Cookery</subfield>
    <subfield code="9">25759</subfield>
  </datafield>
  <datafield tag="650" ind1=" " ind2="0">
    <subfield code="a">Baking</subfield>
    <subfield code="9">25760</subfield>
  </datafield>
  <datafield tag="942" ind1=" " ind2=" ">
    <subfield code="2">lcc</subfield>
  </datafield>
  <datafield tag="952" ind1=" " ind2=" ">
    <subfield code="0">0</subfield>
    <subfield code="1">0</subfield>
    <subfield code="2">lcc</subfield>
    <subfield code="4">0</subfield>
    <subfield code="7">0</subfield>
    <subfield code="a">TBS</subfield>
    <subfield code="b">TBS</subfield>
    <subfield code="d">2025-08-26</subfield>
    <subfield code="l">0</subfield>
    <subfield code="o">TX765 STA</subfield>
    <subfield code="r">2025-08-26</subfield>
    <subfield code="t">1</subfield>
    <subfield code="w">2025-08-26</subfield>
    <subfield code="y">1</subfield>
    <subfield code="z">SOON AVAILABLE</subfield>
  </datafield>
  <datafield tag="999" ind1=" " ind2=" ">
    <subfield code="c">4862</subfield>
    <subfield code="d">4862</subfield>
  </datafield>
</record>
